<?xml version="1.0" encoding="UTF-8"?>
<collection xmlns="http://www.loc.gov/MARC21/slim">
 <record>
  <leader>     na                 </leader>
  <controlfield tag="001">INLIS000000000013858</controlfield>
  <controlfield tag="005">20260210112450</controlfield>
  <datafield tag="035" ind1=" " ind2=" ">
   <subfield code="a">0010-0821000937</subfield>
  </datafield>
  <controlfield tag="008">260210                g          0 ind  </controlfield>
  <datafield tag="020" ind1=" " ind2=" ">
   <subfield code="a">9797571483</subfield>
  </datafield>
  <datafield tag="082" ind1=" " ind2=" ">
   <subfield code="a">787</subfield>
  </datafield>
  <datafield tag="084" ind1=" " ind2=" ">
   <subfield code="a">787 DER b</subfield>
  </datafield>
  <datafield tag="100" ind1="0" ind2=" ">
   <subfield code="a">Derry Asriadi</subfield>
  </datafield>
  <datafield tag="245" ind1="1" ind2=" ">
   <subfield code="a">Belajar Cepat Bermain Gitar Bass</subfield>
  </datafield>
  <datafield tag="250" ind1=" " ind2=" ">
   <subfield code="a">Cetakan 4</subfield>
  </datafield>
  <datafield tag="260" ind1=" " ind2=" ">
   <subfield code="a">Jakarta :</subfield>
   <subfield code="b">Kawan Pustaka,</subfield>
   <subfield code="c">2006</subfield>
  </datafield>
  <datafield tag="300" ind1=" " ind2=" ">
   <subfield code="a">viii + 52 halaman :</subfield>
   <subfield code="b">Ilustrasi ;</subfield>
   <subfield code="c">28 cm</subfield>
  </datafield>
  <datafield tag="650" ind1=" " ind2="4">
   <subfield code="a">Bermain Gitar</subfield>
  </datafield>
  <datafield tag="700" ind1="0" ind2=" ">
   <subfield code="a">Depit Sudrajat</subfield>
  </datafield>
  <datafield tag="504" ind1=" " ind2=" ">
   <subfield code="a">Bibliografi : 50 halaman</subfield>
  </datafield>
  <datafield tag="505" ind1=" " ind2=" ">
   <subfield code="a">Pengenalan Gitar Bass  &#13;
Bagian-bagian gitar bass, cara menyetem senar, serta posisi tubuh dan tangan yang benar.&#13;
&#13;
Teknik Dasar Bermain Bass  &#13;
Petikan jari, penggunaan pick, teknik slap dan pop, serta latihan koordinasi tangan.&#13;
&#13;
Teori Musik Dasar  &#13;
Tangga nada, interval, chord dasar, dan pola ritme yang mendukung permainan bass.&#13;
&#13;
Peran Bass dalam Musik  &#13;
Fungsi bass sebagai penguat harmoni dan pembentuk groove dalam sebuah lagu.&#13;
&#13;
Latihan Progresif  &#13;
Pola latihan dari tingkat pemula hingga menengah, termasuk latihan tempo dan improvisasi.&#13;
&#13;
Contoh Lagu Populer  &#13;
Lagu-lagu sederhana yang digunakan sebagai bahan latihan agar pembaca bisa langsung mempraktikkan teknik yang dipelajari.&#13;
&#13;
Tips dan Trik Bermain Bass  &#13;
Cara menjaga konsistensi permainan, mengatur dinamika, serta meningkatkan keterampilan secara mandiri.&#13;
&#13;
Inspirasi Musisi Bass Dunia  &#13;
Profil singkat pemain bass terkenal sebagai motivasi dan referensi gaya bermain.</subfield>
  </datafield>
  <datafield tag="520" ind1=" " ind2=" ">
   <subfield code="a">Buku Belajar Cepat Bermain Gitar Bass dirancang sebagai panduan praktis bagi pemula yang ingin menguasai instrumen bass dengan metode sederhana dan efektif. Materi di dalamnya mencakup pengenalan bagian-bagian gitar bass, cara menyetem senar, posisi tangan yang benar, serta teknik dasar seperti petikan jari, slap, dan penggunaan pick. Selain itu, buku ini juga membahas teori musik dasar yang relevan, seperti tangga nada, interval, dan pola ritme, sehingga pembaca dapat memahami peran bass dalam membangun harmoni dan groove sebuah lagu. Disertai latihan progresif dan contoh lagu populer, buku ini membantu pembaca berlatih secara mandiri dengan hasil yang cepat terasa. Dengan pendekatan yang sistematis dan mudah dipahami, buku ini cocok untuk pelajar musik, hobiis, maupun siapa saja yang ingin menambah keterampilan bermain bass secara praktis dan menyenangkan.</subfield>
  </datafield>
  <datafield tag="990" ind1=" " ind2=" ">
   <subfield code="a">039824</subfield>
  </datafield>
  <datafield tag="990" ind1=" " ind2=" ">
   <subfield code="a">039822</subfield>
  </datafield>
  <datafield tag="990" ind1=" " ind2=" ">
   <subfield code="a">039823</subfield>
  </datafield>
  <datafield tag="990" ind1=" " ind2=" ">
   <subfield code="a">039825</subfield>
  </datafield>
  <datafield tag="990" ind1=" " ind2=" ">
   <subfield code="a">039826</subfield>
  </datafield>
  <datafield tag="990" ind1=" " ind2=" ">
   <subfield code="a">039827</subfield>
  </datafield>
  <datafield tag="990" ind1=" " ind2=" ">
   <subfield code="a">039828</subfield>
  </datafield>
 </record>
</collection>
